000 00681nam a2200181Ia 4500
008 090122s9999 xx 000 0 und d
082 _b13892
_a808.899
100 _aपिंगळे
_bप्रभाकर
245 _aसुभाषितांवरुन निबंध
260 _bमृण्मयी ऋग्वेदी
_c2004
300 _a88
501 _a"236 - 02/12/2008 फुलराणी प्रकाशन,ठाणे"
600 _aपिंगळे
630 _aसुभाषितांवरुन निबंध
700 _aपिंगळे
730 _aसुभाषितांवरुन निबंध
942 _cBOOK
999 _c37969
_d37969